00778nam a2200229 a 450000100100000000500170001000800410002702000180006808200140008624501150010026000290021530000180024450000210026250400340028350500560031765000270037365000240040065000280042471000290045271000540048104000130053500003759520200930080446.0120918s2009 sp 000 0 spa d a9788467032079 a465bN96400aNueva gramática de la lengua española /cReal Academia Española, Asociación de Academias de la Lengua. aMadrid :bESPASA,c2009. a2v. ;c25 cm. aIncluye índice aBibliografía : p. 3720-37980 gv.1 -tMorfología; Sintaxis Igv.2 -tSintaxis II 4aEspañolxGramática 4aEspañolxSintaxis 4aEspañolxMorfología2 aReal Academia Española2 aAsociación de Academias de la Lengua Española aDO-SdBNP